NCAA Football Newest Teams - Statistics

General Stats
  • This quiz has been taken 83 times
  • The average score is 11 of 24
Answer Stats
Year Added Team % Correct
2014 Appalachian State
80%
2013 Georgia State
58%
2001 South Florida
58%
1996 Central Florida
57%
2017 Coastal Carolina
57%
2006 FIU
57%
2014 Georgia Southern
57%
2006 Florida Atlantic
53%
1999 UAB
53%
2017 Liberty
50%
2012 Texas State
47%
1996 Boise State
45%
2000 Connecticut
43%
2002 Troy
43%
2012 UTSA
43%
2012 Massachusetts
40%
2014 Old Dominion
40%
1997 Marshall
38%
2015 Charlotte
33%
1999 Middle Tennessee
33%
2009 Western Kentucky
33%
1999 Buffalo
30%
1995 North Texas
28%
2012 Southern Alabama
12%
No matching quizzes found
Score Distribution
Percent of People with Each Score
Percentile by Number Answered
Your Score History
You have not taken this quiz